000 00660cab a2200229 4500
001 X3454
008 090401t1996 xxu||||| |||| 00| 0 eng d
035 _a(Sirsi) u30624
041 _aeng
245 _aGarston and others v Scottish Widows Fund
260 _c1996
350 _a0
490 _aWeekly Law Reports
_v(1996) 1 WLR 834-841(4)
650 _aBREAK CLAUSE
650 _aGARSTON AND OTHERS V SCOTTISH WIDOWS FUND
650 _aLANDLORD AND TENANT ACT 1954 PTII
650 _aLANDLORD AND TENANT ACT 1954 S26(2)
650 _aNEW TENANCY
690 _aLANDLORD AND TENANT-CASE LAW-BUSINESS TENANCIES
942 _n0
948 _c04/03/1997
999 _c20645
_d20645